Comparative utilization of rubber seed oil and palm oil by broilers in a humid tropical environment (Record no. 55976)

MARC details
000 -LEADER
fixed length control field 00472nam a2200157Ia 4500
100 ## - MAIN ENTRY--AUTHOR NAME
Personal name Babatunde G M
245 #0 - TITLE STATEMENT
Title Comparative utilization of rubber seed oil and palm oil by broilers in a humid tropical environment
260 ## - PUBLICATION, DISTRIBUTION, ETC. (IMPRINT)
Name of publisher Animal Feed science and Technology
Year of publication 1993
300 ## - PHYSICAL DESCRIPTION
Number of Pages 177-188
500 ## - GENERAL NOTE
General note Source Year: 1994
650 ## - SUBJECT ADDED ENTRY--TOPICAL TERM
Topical Term Palm oil
650 ## - SUBJECT ADDED ENTRY--TOPICAL TERM
Topical Term Rubber seed oil
856 ## - ELECTRONIC LOCATION AND ACCESS
Uniform Resource Identifier ATA
942 ## - ADDED ENTRY ELEMENTS (KOHA)
Koha item type Journals
Holdings
Withdrawn status Lost status Damaged status Not for loan Home library Current library Shelving location Date acquired Serial Enumeration / chronology Koha item type
      Journals RRII Library RRII Library Rubber general 17/12/2021 Volume 43, Issue 04-Mar Journals